L'invasione Delgi Ultracorpi

Kaydedildi:
Detaylı Bibliyografya
Yazar: Jack Finney
Materyal Türü: Kitap
Dil:Bilinmeyen Dil
Baskı/Yayın Bilgisi: Mandatori
Etiketler: Etiketle
Etiket eklenmemiş, İlk siz ekleyin!

MARC

LEADER 00000nam a2200000Ia 4500
001 R-1871
003 CODICE-MESSINA
005 20260212102523.0
008 260211s9999 xx 000 0 und d
040 |c importazione_messina 
100 |a Jack Finney 
245 0 |a L'invasione Delgi Ultracorpi 
260 |b Mandatori 
942 |2 ddc  |c BK 
952 |0 0  |1 0  |2 ddc  |4 0  |6 SCAFFALE_19_000000000000000__STANZA_2__ROMANZI  |7 0  |9 32711  |a ME  |b ME  |d 2026-02-11  |l 0  |o SCAFFALE 19 - STANZA 2 - ROMANZI  |p R-1871  |r 2026-02-11 23:53:21  |w 2026-02-11  |x [REVISIONARE]  |y BK 
999 |c 28378  |d 28378